| 000 | 00890nam a22002531u 4500 | ||
|---|---|---|---|
| 001 | 04639 | ||
| 003 | HDC | ||
| 007 | cr bn --- | ||
| 008 | 210117p my go d 00 engg | ||
| 040 | _aHDC | ||
| 110 | _aHamburg Port Authority (HPA) | ||
| 245 | 0 |
_aPort of Hamburg : _bTechnology & Innovation for Tomorrow's Ports - Smart Port / _cby Jens Meier |
|
| 260 |
_a[No Place] : _b[publisher not identified], _c[no year] |
||
| 300 |
_a17 pages : _billustrations |
||
| 336 |
_atext _2rdacontent |
||
| 337 |
_acomputer _2rdamedia |
||
| 338 |
_aonline resource _2rdacarrier |
||
| 650 |
_aPort infrastructure _94763 |
||
| 650 |
_asmartPort _94762 |
||
| 856 | _zRequest full-text at [email protected] | ||
| 942 | _2lcc | ||
| 942 | _cSLIDE | ||
| 942 | _kSLID 000287 | ||
| 999 |
_c1964 _d1964 |
||